Sports Quiz

Random Sports or Basketball Quiz

NBA Players by Face Quiz Stats

 Plays Quiz Updated Feb 13, 2018

Support Sporcle.
Go Orange.
Score 0/50 Timer 10:00
38 Plays Today
# Player % Correct
3Michael Jordan
98.1%
2Larry Bird
97.7%
11LeBron James
95.8%
5Steve Nash
93.8%
17Kobe Bryant
93.7%
6Magic Johnson
93.2%
4Dennis Rodman
92.1%
20Yao Ming
91.2%
7Kevin Garnett
90.8%
14Tim Duncan
90.3%
16Shaquille O'Neal
90.2%
21Dwyane Wade
89.5%
9Charles Barkley
89.4%
24Allen Iverson
89.2%
32Kevin Durant
88.6%
25Carmelo Anthony
87.1%
15Scottie Pippen
86.7%
26Jason Kidd
84.7%
1Wilt Chamberlain
83.5%
50Chris Paul
83%
19Dirk Nowitzki
82.7%
8John Stockton
82.6%
37Paul Pierce
81.9%
10Kareem Abdul-Jabbar
81.6%
22Reggie Miller
78.7%
# Player % Correct
40Ray Allen
78%
44Dwight Howard
77.9%
36Pau Gasol
76.5%
28Patrick Ewing
75%
31Isiah Thomas
69.4%
29Julius Erving
66.4%
38David Robinson
64.5%
35Karl Malone
63.3%
12Bill Walton
59.3%
34Gary Payton
51.3%
39Hakeem Olajuwon
51%
49Dikembe Mutombo
49.7%
27Jerry West
45.9%
43Clyde Drexler
45.1%
33Chris Webber
44.4%
30Oscar Robertson
40.1%
18George Mikan
39.5%
48Dominique Wilkins
38.7%
13Bill Russell
38%
23Rick Barry
37.3%
45Bob Cousy
34.1%
46Moses Malone
33.4%
41George Gervin
31.1%
42John Havlicek
19.9%
47Bob Pettit
19.5%

You're not logged in!

Compare scores with friends on all Sporcle quizzes.
OR
Log In

From the Vault

Counties of California

by Kicking222

A quiz for those who live in California, or who would really like to.
Remove Ads.
Support Sporcle.
Get the best of Sporcle when you Go Orange. This ad-free experience offers more features, more stats, and more fun while also helping to support Sporcle. Thank you for becoming a member.

Show Comments

Extras

Top Quizzes Today


Score Distribution

Your Account Isn't Verified!

In order to create a playlist on Sporcle, you need to verify the email address you used during registration. Go to your Sporcle Settings to finish the process.

Report this User

Report this user for behavior that violates our Community Guidelines.

Details: